Statistics for Countries with Largest Smallest Neighbour

Click here to take the quiz!

General Stats

  • This quiz has been taken 50 times
  • The average score is 11 of 20

Answer Stats

Min Area Country % Correct
1,964 United States
89%
9,526 Canada
86%
3,166 Bhutan
80%
3,166 Nepal
80%
9,640 Mongolia
77%
801 Swaziland
68%
1,098 Chile
66%
1,904 East Timor
66%
1,221 Lesotho
66%
2,780 Uruguay
59%
1,759 Tunisia
59%
1,141 Ecuador
57%
1,098 Paraguay
57%
1,904 Papua New Guinea
55%
676 Bangladesh
41%
652 Pakistan
41%
640 Monaco
32%
752 Malawi
23%
582 Namibia
23%
582 Zimbabwe
18%

Score Distribution

Percentile by Number Answered

Percent of People with Each Score

Your Score History

You have not taken this quiz